[Event "Guaira op 2nd"]
[Site "Guaira"]
[Date "2016.11.06"]
[Round "5"]
[White "Silva Guilherme, Leandro"]
[Black "Dutra, Liliam Guedes"]
[Result "0-1"]
[WhiteElo "1800"]
[BlackElo "1565"]
[PlyCount "114"]
[EventDate "2016.11.04"]
[EventType "swiss"]
[EventRounds "6"]
[EventCountry "BRA"]
[SourceTitle "CBM 175 Extra"]
[Source "ChessBase"]
[SourceDate "2016.12.12"]
[SourceVersion "1"]
[SourceVersionDate "2016.12.12"]
[SourceQuality "1"]

1. d4 d5 2. Nf3 e6 3. c4 Nf6 4. Nc3 Be7 5. e3 0-0 6. Be2 b6 7. 0-0 Bb7 8. a3 Nbd7 9. b4 c5 10. b5 a6 11. a4 axb5 12. Nxb5 Ne4 13. Nd2 Nd6 14. Nxd6 Bxd6 15. cxd5 exd5 16. Ba3 Qc7 17. Nf3 Rfe8 18. dxc5 bxc5 19. Bb5 Re6 20. Rc1 Rh6 21. g3 c4 22. Bb2 Rc8 23. Bc3 Ne5 24. Nd4 Qe7 25. Nf5 Qf6 26. Nxh6+ Qxh6 27. f4 Nd3 28. Rb1 Qe6 29. Qf3 Ba8 30. f5 Qe7 31. Bd4 Ne5 32. Qg2 Bc5 33. Qh3 Bxd4 34. exd4 Nd3 35. Rf3 Qf6 36. Qh4 Qxh4 37. gxh4 f6 38. Rxd3 cxd3 39. Bxd3 h6 40. h5 Kh7 41. Kf2 Rc3 42. Ke2 Ra3 43. Rb8 Bc6 44. Bb5 Bxb5+ 45. axb5 Ra2+ 46. Kd3 Rxh2 47. Kc3 Rxh5 48. b6 Rh3+ 49. Kb4 Rh1 50. Rd8 Rb1+ 51. Kc5 h5 52. Rxd5 h4 53. Kc6 h3 54. Rb5 Rxb5 55. Kxb5 h2 56. b7 h1Q 57. b8Q Qb1+ 0-1